000 01022cam a22003131 4500
001 33540
003 BD-RjUL
005 20211209052027.0
008 140508s1964 enk 001 0 eng d
035 _a(BD-RjUL)33631
035 _a(OCoLC)25417114
040 _aDLC
_cCSt
_dUk
_dBD-RjUL
_beng
041 _aeng
082 _a374.24
_bTAR 1964
100 1 _aTaylor, H. M.
_q(Helen Margaret),
_d1896-
_9101794
245 1 4 _aThe right way to conduct meetings, conferences and discussions /
_cby H.M. Taylor and A.G. Mears.
250 _a4th large ed. revised.
260 _aKingswood (Sy.) :
_bElliot Right Way Books,
_c1964.
300 _a[6] 126 p. :
_billus. (forms.), diagrs. ;
_c19 cm.
490 0 _aRight way books
504 _aIncludes index.
650 0 _aPublic meetings.
_944000
650 0 _aParliamentary practice.
_946912
650 0 _aForums (Discussion and debate)
_960031
700 1 _aMears, A. G.,
_ejoint author.
_965406
942 _2ddc
_cBK
999 _c33540
_d33540